LEADER 01596nam a2200325 a 4500 001 000000143750 003 CaOOAMICUS 005 20150603111801.0 008 150603s2002 it u000 u ita r 020 $a88-8454-017-8 040 $aPUL$bita 082 04$a305.42 245 00$aDonna e culture :$bdalla prospettiva di un nuovo femminismo /$ca cura di Paolo Scarafoni ; contributi di: Angela Ales Bello ... [et al.]. 260 $aRoma :$bAteneo Pontificio Regina Apostolorum ;$aRoma :$bLogos,$c©2002. 300 $a208 p. ;$c21 cm 490 1 $aAtti di congresso / Ateneo Pontificio Regina Apostolorum ;$v01 504 $aBibliografia in nota. 650 4$aDonna$xEmancipazione e femminismo.$0(OLS)http://pul/subject/25476 700 1 $aAles Bello, Angela,$d1939-$0(OLS)http://pul/name/22845 700 1 $aScarafoni, Paolo,$cL.C.,$d1956-$0(OLS)http://pul/name/36000 830 0$aAtti di congresso (Ateneo Pontificio Regina Apostolorum) ;$v01.$0(OLS)http://pul/title/167492 850 $aPUL 852 $aPUL$W1$xDP2 Diritto e Scienze Sociali 3$y110$m305. 42 SCAPA 1$j165850$qDDC 21$B166223$CPULBib$Z2$F166223 $H125968 $82 941 1 $a9 996 $6020$a88-8454-017-8$9(OLS)http://pul/number/157714 996 $6082$a305.42$9(OLS)http://pul/classification/1874 996 $6245$aDonna e culture :$bdalla prospettiva di un nuovo femminismo$9(OLS)http://pul/title/181858 996 $6260$aRoma :$bAteneo Pontificio Regina Apostolorum$9(OLS)http://pul/publisher/74684 996 $6260$aRoma :$bLogos$9(OLS)http://pul/publisher/52093 LEADER 02776namaa2200505 i 4500 001 000000121772 003 CaOOAMICUS 005 20241203165915.0 008 100517s20092023be u000 u sga r 020 $a978-2-503-53075-8 (v.1)* 020 $a978-2-503-58535-2 (v.2)* 020 $a978-2-503-60081-9 (v.3)* 032 $aLibriCat 040 $aPUL$bita 041 1 $aeng$asga$a 130 0 $aApocrypha.$pN.T.$lIrlandese antico.$0(OLS)http://pul/title/153204 245 00$aApocrypha Hiberniae.$nII,$pApocalyptica. 246 30$aApocalyptica 260 $aTurnhout :$bBrepols,$c2009-2023. 260 $aTurnhout :$bBrepols,$c2009-2019. 300 $a2 v. ;$c25 cm 490 1 $aCorpus Christianorum.$aSeries Apocryphorum ;$v16, 21 504 $aInclude riferimenti bibliografici ed indicI. 505 0 $aV. 1. In Tenga Bithnua = The Ever-New Tongue / cura et studio John Carey. 2009. -- v. 2. ediderunt et commentariis instruxerunt, Martin McNamara, Caoimhín Breatnach, Pádraig A. Breatnach... [et al.] ; ivuante, The Irish Biblical Association . 2019. 546 $aTesto in irlandese antico, introduzione e traduzione a piè pagina in inglese. 700 1 $aCarey, John.$0(OLS)http://pul/name/76291 700 1 $aBreatnach, Caoimhín,$ecuratore.$0(OLS)http://pul/name/114123 700 1 $aMcNamara, Martin,$cM.S.C,$d1930-,$ecuratore.$0(OLS)http://pul/name/6145 700 1 $aBreatnach, Pádraig A.,$ecuratore.$0(OLS)http://pul/name/114122 710 02$aThe Irish Biblical Association$econtributore.$0(OLS)http://pul/name/114124 830 0$aCorpus Christianorum.$pSeries Apocryphorum ;$v16, 21, 22.$0(OLS)http://pul/title/2762 850 $aPUL 852 $aPUL$W1$xSL Cons. Gen., Altre Classi 1$y1$m2008 E 1.16$j139759$bv.1$qStampati$B138953$CPULBib$Z2$F138953 $H113761 $82 852 $aPUL$W1$xSL Cons. Gen., Altre Classi 1$y1$m2008 E 1.21$j197324$bv.2$qStampati$B202110$CPULBib$Z2$F202110 $H133898 $82 852 $aPUL$W1$xSL Cons. Gen., Altre Classi 1$y1$m2008 E 1.22$j201407$qStampati$q$av. 3$B206406$CPULBib$Z2$F206406 $H137529 $82 941 1 $a8 996 $6020$a978-2-503-53075-8 (v.1)*$9(OLS)http://pul/number/144230 996 $6020$a978-2-503-58535-2 (v.2)*$9(OLS)http://pul/number/167339 996 $6020$a978-2-503-60081-9 (v.3)*$9(OLS)http://pul/number/170122 996 $6246$aApocalyptica$9(OLS)http://pul/title/153206 996 $6245$aApocrypha Hiberniae.$nII,$pApocalyptica$9(OLS)http://pul/title/153205 996 $6260$aTurnhout :$bBrepols$9(OLS)http://pul/publisher/47850 996 $6260$aTurnhout :$bBrepols$9(OLS)http://pul/publisher/47850